000 00574nam a22002177a 4500
003 UA-OsUOA
001 118490
007 ta
008 20160831b un ||||| |||| 00| 0 ukr d
100 _aКригер В.
090 _a908
_bК82
942 _cSA
040 _aUA-OsUOA
_bukr
_cUA-OsUOA
_dUA-OsUOA
245 _aІгор Пасічник6 "Пропоную замінити ЗНО конкурсом атестатів"
300 _aС.1
955 _a0
041 _aukr
080 _a908
773 0 _w118489
650 7 _a908 Краєзнавство
_2UDC
999 _c404568
_d404568